Statistiques concernant Faits associés à des pays

Cliquez ici pour prendre le quiz!

Statistiques générales

  • Ce quiz a été pris 104 fois
    (92 depuis la dernière actualisation)
  • Le résultat moyen est 8 sur 18

Réponses sur la Carte

Les réponses sont colorées sur une échelle allant du rouge au vert en fonction du pourcentage des utilisateurs qui les ont devinées à leur premier essai. Vous pouvez retrouver ces pourcentages ci-dessous.
 

Statistiques - réponses

Réponse% Correct
Guerre de sécession
72%
Plus haute tour du monde
72%
Assassinat de François Ferdinand
66%
Assassinat de Ben Laden
62%
On y trouve le temple Angkor Wat
58%
Jeux Olympiques d'hiver 2010
57%
Origines de Simon Bolivar
55%
Premiers pas de l'équipage du Santa Maria
sur le Nouveau Continent
48%
Eruption du volcan Pinatubo
46%
Altitude moyenne la plus élevée
45%
Densité de Population la plus faible
45%
Bataille de Marignan
37%
Capitale avec la plus haute altitude
37%
Mort de Christophe Colomb
37%
Le désert le plus aride du monde
35%
Naissance de Spinoza
32%
Record du monde au 100m établi
29%
Plus fortes précipitations à l'année
11%

Distribution des résultats

Percentile par nombre de réponses

% des personnes avec chaque résultat

Votre développement - résultats

Vous n’avez pas pris ce quiz depuis la dernière actualisation